000 00552nam a2200193Ia 4500
005 20250508165407.0
008 008 250505s9999 xx 000 0 eng d
037 _aTheses
040 _aFEDL
_beng
_cFEDL
041 _aeng
_2eng
084 _a370.32, SAN/TH
_qFEDL
100 _aSandeep Kumar
245 0 _aStudy of school education from a human rights perspective
260 _c2014
300 _a316p.
546 _aPh. D. Thesis, (Delhi University); C D Included
942 _cTH
_h370.32, SAN/TH
999 _c1394862
_d1394862